书目信息 |
| 题名: |
亚非九国游记
|
|
| 作者: | 刘厚明 著 | |
| 分册: | ||
| 出版信息: | 北京 中国少年儿童出版社 1984 |
|
| 页数: | 188页 | |
| 开本: | 21cm | |
| 丛书名: | ||
| 单 册: | ||
| 中图分类: | I056 | |
| 科图分类: | ||
| 主题词: | 儿童文学-游记--中国--现代 , 游记-儿童文学--中国--现代 , 文学理论--各体 , 创作方法--各体 | |
| 电子资源: | ||
| ISBN: | ||
| 000 | 00708nam0 2200265 45 | |
| 001 | 0184004176 | |
| 005 | 20060726151614.37 | |
| 010 | @dCNY0.58 | |
| 091 | @a10056.570 | |
| 100 | @a19950302d1984 cemy0chiy0121 ea | |
| 101 | 0 | @achi |
| 102 | @aCN@b110000 | |
| 105 | @ay z 000zy | |
| 200 | 10 | @a亚非九国游记@Aya fei jiu guo you ji@f刘厚明著 |
| 210 | @a北京@c中国少年儿童出版社@d1984 | |
| 215 | @a188页@d21cm | |
| 606 | @a儿童文学-游记@y中国@z现代 | |
| 606 | @a游记-儿童文学@y中国@z现代 | |
| 606 | 0 | @a文学理论@x各体 |
| 606 | 0 | @a创作方法@x各体 |
| 690 | @aI056@v3 | |
| 701 | 0 | @a刘厚明@Aliu hou ming@4著 |
| 801 | 2 | @aCN@bNLC@c20060726 |
| 801 | 0 | @aCN@b上海图书馆@c20040408 |
| 905 | @dI056@e137 | |
| 亚非九国游记/刘厚明著.-北京:中国少年儿童出版社,1984 |
| 188页;21cm |
| ISBN :CNY0.58 |
| ● |
| 相关链接 |
|
|
|
|
正题名:亚非九国游记
索取号:I056/137
 
预约/预借
| 序号 | 登录号 | 条形码 | 馆藏地/架位号 | 状态 | 备注 |
| 1 | 0110563 | 000893858 | 第一样本阅览室/ [索取号:I056/137] | 在馆 | |
| 2 | 0427405 | 204274052 | 密集书库/ [索取号:I056/137] | 在馆 |